| 000 | 00602nam a22001937a 4500 | ||
|---|---|---|---|
| 003 | dpl | ||
| 005 | 20180704151444.0 | ||
| 008 | 180704b xxu||||| |||| 00| 0 eng d | ||
| 020 |
_a818094008X _c175.00 |
||
| 035 | _aB-227407 | ||
| 040 |
_aDPL _bEN _c0 |
||
| 082 |
_a660.6 _bKAL |
||
| 100 | _aKalaichelvan, P. T | ||
| 245 |
_aMicrobiology and biotechnology _ba laboratory manual _c/ by P T Kalaichelvan |
||
| 260 |
_aChennai _bMJP Publishers _c2005 |
||
| 270 |
_a47, Nallathambi Street, Triplicane, _bChennai _c600005 |
||
| 300 |
_axvi, 250p. _c22cm. |
||
| 942 |
_2ddc _cEN _h660.6 _mKAL |
||
| 999 |
_c153357 _d153357 |
||